Fr. Conceicao Rodrigues College of Engineering

Principles Of Production Control (Record no. 17965)

MARC details
000 -LEADER
fixed length control field 00332nam a2200145Ia 4500
082 ## - DEWEY DECIMAL CLASSIFICATION NUMBER
Classification number 658.5
Item number Bur
100 ## - MAIN ENTRY--PERSONAL NAME
Personal name Burbbidge/J.L
245 ## - TITLE STATEMENT
Title Principles Of Production Control
260 ## - PUBLICATION, DISTRIBUTION, ETC.
Name of publisher, distributor, etc. Macdonald
Place of publication, distribution, etc. London
Date of publication, distribution, etc. 1981
300 ## - PHYSICAL DESCRIPTION
Extent 588
546 ## - LANGUAGE NOTE
Language note ENGLISH
654 ## - SUBJECT ADDED ENTRY--FACETED TOPICAL TERMS
Focus term Principles Of Production Control
942 ## - ADDED ENTRY ELEMENTS (KOHA)
Koha item type BOOK
Holdings
Withdrawn status Lost status Damaged status Not for loan Collection Home library Current library Shelving location Date acquired Total Checkouts Full call number Barcode Date last seen Price effective from Koha item type
        AFT Fr. Agnel's C.Rodrigues College of Engineering Fr. Agnel's C.Rodrigues College of Engineering   17/03/2023   658.5 Bur AFT3996 17/03/2023 17/03/2023 BOOK